000 00202 a2200097 4500
001 42241
100 _aTony C
245 _aFuel & Power
260 _a
_bThomas Nelson & Sons
_c
090 _c26216
_d26216
942 _aNUST-CAE
_cM
_c18021
999 _c277314
_d277314